| 000 | 00416nam a22001697a 4500 | ||
|---|---|---|---|
| 003 | macl | ||
| 005 | 20160114123616.0 | ||
| 008 | 160114b xxu||||| |||| 00| 0 eng d | ||
| 040 | _cmacl | ||
| 041 | _aEnglish | ||
| 082 | _a621 | ||
| 100 |
_aKulkarni M. _932150 |
||
| 245 | _aMicrowave & Radar Engineering | ||
| 260 |
_aNew Delhi _bUmesh Publications _c1998 |
||
| 650 |
_aEle. Engineering _917712 |
||
| 942 |
_2ddc _cBK |
||
| 999 |
_c52185 _d52185 |
||